Word Ladder - Statistics

General Stats
  • This quiz has been taken 63 times
  • The average score is 18 of 20
Answer Stats
Hint Answer % Correct
Flying mammal Bat
100%
Father Dad
100%
Has done Did
100%
Stop living Die
100%
Female deer Doe
100%
Enemy Foe
100%
Did have Had
100%
Not cold Hot
100%
Where rubbish goes Bin
98%
Feline pet Cat
98%
Worn on the head Hat
98%
Eighth of a byte Bit
95%
Where a baby sleeps Cot
95%
Section of wood Log
78%
Where you see the price Tag
77%
Below pace Lag
73%
Type of watch Fob
72%
Throw Lob
72%
Shilling (slang) Bob
67%
Ring on a cooker Hob
65%
No matching quizzes found
Score Distribution
Percent of People with Each Score
Percentile by Number Answered
Your Score History
You have not taken this quiz